000 01394nam a2200253 a 4500
001 BRCA_8858
005 20190320210433.0
008 160517s1731----sp-#######---#000-0#spa-#
041 _aspa
044 _asp
084 _aBE242
_b.A48 1731
100 1 _aAlvarez de la fuente, Joseph
_922056
245 1 0 _aSuccession pontificia
_bepitome historial de las vidas, hechos, y resoluciones de los summos pontífices, desde San Pedro, primer vicario de Christo, hasta N.Ssmo. Padre Benedicto XIII: con la chronologia universal de los días de sus elecciones, muertes, y sedes vacantes
_cescrita por el Rmo. P. Fr. Joseph Alvarez de la Fuente; dedicada al Excmo. Señor don Juan de Camargo; parte séptima.
260 _aMadrid
_bEn la Imprenta de Lorenzo Francisco Mojados
_c[1731?]
300 _a[14], [2], 502 p. (t.7)
_c15.3 x 10.3 cm.
500 _aCon privilegio
500 _aEn portada: Hallarase en casa de Dionysio Ortega, Mercader de libros, en la calle de Toledo, y a su costa
500 _aEstado físico: presenta encuadernación en pergamino, carece de cintas, con presencia del pez de plata, sin portada y hojas preliminares, se anexo un complemento
650 1 4 _aIglesia católica
_yObras anteriores a 1800
_922057
650 1 4 _aPapas
_vBibliografías
_yObras anteriores a 1800
_921973
700 1 _aMojados, Lorenzo Francisco
_eImpresor
_922058
902 _aCFM
942 _2lcc
_cB
999 _c8509
_d8509